000 01434nam a22002177a 4500
999 _c63719
_d63719
003 Ge_BSU
005 20251215184902.0
008 251215s2025 ge ||||| |||| 00| 0 geo d
020 _a9789941996436
041 _ageo
080 _a821.124-21 ს-41
100 _aსენეკა, ლუკიუს ანეუს
_926508
245 _aფედრა = Phaedra :
_b[ტრაგედია] /
_cლუკიუს ანეუს სენეკა; ლათინური ენიდან თარგმნა, წინასიტყვაობა და შენიშვნები დაურთო ნინი ქუთელიამ.
264 _aთბილისი :
_bილია ჭავჭავაძის სახ. საქართველოს ეროვნული ბიბლიოთეკა,
_c 2025.
300 _a104 გვ. ;
_b20 სმ.
500 _aგარეკანი და თავფურცელი ქართულ და ლათინურ ენებზე. შენიშვნები: გვ. 98-104.
653 _aლათინური დრამატურგია
653 _aთარგმანები ქართულ ენაზე
700 _aქუთელია, ნინი
_eმთარგმნელი, წინასიტყვაობის ავტორი.
_926509
942 _2udc
_cᲬᲘᲒᲜᲘ